[Event "Wilhelm Werner Memorial-H 31st"]
[Site "Bockenem"]
[Date "2006.05.27"]
[Round "5"]
[White "Hille, Wolfgang"]
[Black "Geisler, Reinhard"]
[Result "0-1"]
[WhiteElo "1710"]
[BlackElo "1920"]
[PlyCount "100"]
[EventDate "2006.05.??"]
[EventType "swiss"]
[EventRounds "7"]
[EventCountry "GER"]
[SourceTitle "EXT 2008"]
[Source "ChessBase"]
[SourceDate "2007.11.25"]
[SourceVersion "1"]
[SourceVersionDate "2007.11.25"]
[SourceQuality "1"]

1. e4 c5 2. c3 Nf6 3. e5 Nd5 4. d4 cxd4 5. cxd4 Nc6 6. Bc4 Nb6 7. Bb3 d5 8. Nc3 Bf5 9. Be3 e6 10. Nge2 Na5 11. Ba4+ Nxa4 12. Qxa4+ Nc6 13. 0-0 Be7 14. Rad1 0-0 15. Ng3 Bg6 16. f4 Qd7 17. Qb5 Rfd8 18. Qe2 f5 19. Rc1 Rdc8 20. Qd1 Be8 21. Rf2 Na5 22. b3 Rc7 23. Na4 b6 24. Rxc7 Qxc7 25. Rc2 Qb7 26. Nb2 Rc8 27. Bd2 Rxc2 28. Qxc2 Qc6 29. Qxc6 Nxc6 30. Bc3 Bb4 31. Bxb4 Nxb4 32. Kf2 Nc2 33. Ne2 Bh5 34. Ng3 Be8 35. Ne2 Bb5 36. Na4 Bxe2 37. Kxe2 Nxd4+ 38. Kd3 Nc6 39. Kc3 Kf7 40. b4 h6 41. b5 Na5 42. Nb2 g5 43. g3 gxf4 44. gxf4 Kg6 45. Nd3 Kh5 46. Nf2 Kh4 47. Kd3 Nc4 48. Ke2 Na3 49. Nd1 Nxb5 50. Ne3 Nc7 0-1

[Event "Wilhelm Werner Memorial-H 27th"]
[Site "Bockenem"]
[Date "2002.05.10"]
[Round "4"]
[White "Schwetje, Siegfried"]
[Black "Hille, Wolfgang"]
[Result "0-1"]
[WhiteElo "1789"]
[BlackElo "1766"]
[PlyCount "86"]
[EventDate "2002.05.??"]
[EventType "swiss"]
[EventRounds "7"]
[EventCountry "GER"]
[SourceTitle "EXT 2008"]
[Source "ChessBase"]
[SourceDate "2007.11.25"]
[SourceVersion "1"]
[SourceVersionDate "2007.11.25"]
[SourceQuality "1"]

1. c4 e5 2. Nc3 Nf6 3. d3 d5 4. cxd5 Nxd5 5. Nf3 Nc6 6. g3 Nxc3 7. bxc3 Bd6 8. Bg2 0-0 9. 0-0 Qe8 10. Rb1 Rb8 11. Qa4 Nd4 12. Qd1 Ne6 13. Ng5 Nxg5 14. Bxg5 b6 15. a4 a5 16. Qb3 Kh8 17. Bd2 Bd7 18. Ra1 f5 19. e3 f4 20. exf4 exf4 21. Qd1 Qf7 22. Bxf4 Bxf4 23. gxf4 Qxf4 24. Ra2 Rbe8 25. d4 Re6 26. Qd3 Rg6 27. Kh1 Bf5 28. Qe3 Qd6 29. Qe5 Qd7 30. Be4 Bxe4+ 31. Qxe4 Qh3 32. Rc1 Re6 33. Qg2 Qd3 34. h3 Rg6 35. Qf1 Qf3+ 36. Kh2 Rf5 37. Re2 h6 38. Re3 Qf4+ 39. Kh1 Rfg5 40. Qe2 Rg2 41. Rg3 R2xg3 42. Qe8+ Kh7 43. fxg3 Qf3+ 0-1

[Event "Wilhelm Werner Memorial-H 27th"]
[Site "Bockenem"]
[Date "2002.05.09"]
[Round "2"]
[White "Hille, Wolfgang"]
[Black "Lammers, Frank"]
[Result "0-1"]
[WhiteElo "1766"]
[BlackElo "1895"]
[PlyCount "80"]
[EventDate "2002.05.??"]
[EventType "swiss"]
[EventRounds "7"]
[EventCountry "GER"]
[SourceTitle "EXT 2008"]
[Source "ChessBase"]
[SourceDate "2007.11.25"]
[SourceVersion "1"]
[SourceVersionDate "2007.11.25"]
[SourceQuality "1"]

1. e4 d6 2. d4 g6 3. f4 c6 4. Nf3 d5 5. e5 h5 6. Bd3 Bg4 7. h3 Bxf3 8. Qxf3 e6 9. Be3 h4 10. 0-0 Nh6 11. Nd2 Nf5 12. Bf2 Qb6 13. Nb3 Nd7 14. c4 dxc4 15. Bxc4 Qb4 16. Qc3 Nb6 17. Bd3 Nd5 18. Qxb4 Bxb4 19. Bxf5 gxf5 20. Be1 Be7 21. Na5 0-0-0 22. Bd2 Rhg8 23. Rf3 Rg7 24. Re1 Kc7 25. Kh2 Nb4 26. Nxb7 Kxb7 27. Rb3 Rxd4 28. Be3 Rd3 29. Rxd3 Nxd3 30. Rd1 Nb4 31. Rd7+ Kc8 32. Rxe7 Nd5 33. Bc5 Nxf4 34. Rxa7 Rxg2+ 35. Kh1 Rxb2 36. a4 Nxh3 37. Rxf7 Ng5 38. Rg7 Nf3 39. Bg1 Nxe5 40. Bh2 Nf3 0-1